| 000 | 01117cam a2200301 a 4500 | ||
|---|---|---|---|
| 001 | 4942873 | ||
| 003 | NUST - PNEC | ||
| 005 | 20170116181134.0 | ||
| 008 | 960429s1997 nyua 001 0 eng | ||
| 010 | _a 96008642 | ||
| 020 | _a0070391726 (acidfree paper) | ||
| 020 | _a0070391734 (acidfree paper) | ||
| 040 |
_aDLC _cLIBRARY _dDLC |
||
| 050 | 0 | 0 |
_aTP155.75 _b.L89 1997 |
| 082 | 0 | 0 |
_a660.2815 LUY _220 |
| 100 | 1 |
_aLuyben, Michael L., _d1965- |
|
| 245 | 1 | 0 |
_aEssentials of process control / _cMichael L. Luyben, William L. Luyben. |
| 260 |
_aNew York : _bMcGraw-Hill, _cc1997. |
||
| 300 |
_axx, 584 p. : _bill. ; _c25 cm. |
||
| 440 | 0 | _aMcGraw-Hill chemical engineering series | |
| 500 | _aIncludes index. | ||
| 650 | 0 |
_aChemical process control. _xGeneral |
|
| 700 | 1 | _aLuyben, William L. | |
| 856 | 4 | 2 |
_3Publisher description _uhttp://www.loc.gov/catdir/description/mh022/96008642.html |
| 856 | 4 | 1 |
_3Table of contents _uhttp://www.loc.gov/catdir/toc/mh022/96008642.html |
| 942 |
_2ddc _cBK |
||
| 999 |
_c70130 _d70130 |
||